| 000 | 00635cam a22002293a 4500 | ||
|---|---|---|---|
| 001 | 878 | ||
| 003 | PGUSA | ||
| 005 | 20140828082954.0 | ||
| 008 | 970401s1997||||xxu|||||s|||||000 | eng d | ||
| 040 |
_aPGUSA _beng |
||
| 042 | _adc | ||
| 050 | 4 | _aPS | |
| 100 | 1 |
_aWhittier, John Greenleaf, _d1807-1892 |
|
| 245 | 1 | 0 |
_aYankee Gypsies _h[electronic resource] / _cJohn Greenleaf Whittier |
| 260 |
_bProject Gutenberg, _c1997 |
||
| 506 | _aPublic domain in the USA. | ||
| 516 | _aElectronic text | ||
| 653 | _aTramps -- New England | ||
| 830 | 0 |
_aProject Gutenberg _v878 |
|
| 856 | 4 | 0 | _uhttp://www.gutenberg.org/ebooks/878 |
| 942 | _cEB | ||
| 999 |
_c230229 _d230229 |
||